| 000 | 00684na a2200229 4500 | ||
|---|---|---|---|
| 001 | 18178 | ||
| 003 | MIRAKIL | ||
| 005 | 20181213154944.0 | ||
| 008 | 161114b tu 000 0 | ||
| 020 | _a9786051256030 | ||
| 040 |
_aMilas _btur _cTR-AnCHP |
||
| 041 | _atur | ||
| 082 |
_a320.9 _bG75 2005 |
||
| 090 | _a320.9 G75 2005 | ||
| 100 | _aGönç, Hüseyin | ||
| 245 |
_aDünyada olmayan süper demokrasisi ve son sistemleri ile dünyayı kurtaracak adam düşünürcücü _cHüseyin Gönç |
||
| 250 | _agnşl. 4 bs. | ||
| 260 |
_aİzmir _bEYS Basım Yayın _c2005 |
||
| 300 |
_a83 s. _c20 sm. |
||
| 650 |
_aToplum bilimleri _xSiyasal durum ve koşullar |
||
| 942 |
_2ddc _cBKS |
||
| 999 |
_c3826 _d3826 |
||